Théorie des fonctions /

Guardado en:
Autor Principal: Valiron, Georges.
Formato: Libro
Idioma:French
Publicado: Paris : Masson, 1955, c1942.
Edición:2e éd.
Series:Valiron, Georges. Cours d'analyse mathématique ; v. 1
Etiquetas: Agregar Etiqueta
Sin Etiquetas, Sea el primero en etiquetar este registro!
LEADER 00614nam a22001935a 4500
001 MAT.inmabb000583
008 031118t19551942fr############001#0#fre#d
005 20170801114147.0
245 1 0 |a Théorie des fonctions /  |c par Georges Valiron. 
250 |a 2e éd. 
260 |a Paris :  |b Masson,  |c 1955, c1942. 
300 |a ii, 522 p. ;  |c 26 cm. 
490 0 |a Cours d'analyse mathématique ;  |v v. 1 
510 4 |a MR,  |c MR0014423 
100 1 |a Valiron, Georges. 
800 1 |a Valiron, Georges.  |t Cours d'analyse mathématique ;  |v v. 1 
084 |a 26-01  |2 msc2000 
084 |a 30-01  |2 msc2000 
859 |h 30  |i V173t-2  |p A-381  |b BIB. MATEMATICA